Governors of Colorado - Statistics

General Stats
  • This quiz has been taken 11 times
  • The average score is 18 of 43
Answer Stats
Term Answer % Correct
2011-2019 John Hickenlooper
100%
2007-2011 Bill Ritter
88%
2019- Jared Polis
88%
1887-1889 Alva Adams
50%
1897-1899 Alva Adams
50%
1905 Alva Adams
50%
1999-2007 Bill Owens
50%
1927-1933 Billy Adams
50%
1933-1937 Edwin C. Johnson
50%
1955-1957 Edwin C. Johnson
50%
1879-1883 Frederick Walker Pitkin
50%
1876-1879 John Long Routt
50%
1891-1893 John Long Routt
50%
1975-1987 Richard Lamm
50%
1987-1999 Roy Romer
50%
1950-1951 Walter Walford Johnson
50%
1895-1897 Albert McIntire
38%
1885-1887 Benjamin Harrison Eaton
38%
1899-1901 Charles S. Thomas
38%
1925-1927 Clarence Morley
38%
1951-1955 Daniel I. J. Thornton
38%
1893-1895 Davis Hanson Waite
38%
1913-1915 Elias M. Ammons
38%
1883-1885 James Benton Grant
38%
1905-1907 Jesse Fuller McDonald
38%
1963-1973 Joh Arthur Love
38%
1973-1975 John D. Vanderhoof
38%
1909-1913 John F. Shafroth
38%
1917-1919 Julius Caldeen Gunter
38%
1937 Ray Herbert Talbot
38%
1937-1939 Teller Ammons
38%
1915-1917 George Alfred Carlson
25%
1907-1909 Henry Augustus Buchtel
25%
1901-1903 James Bradley Orman
25%
1903-1905 James Hamilton Peabody
25%
1905 James Hamilton Peabody
25%
1889-1891 Job Adams Cooper
25%
1919-1923 Oliver Henry Shoup
25%
1939-1943 Ralph Lawrence Carr
25%
1957-1963 Stephen McNichols
25%
1923-1925 William Ellery Sweet
25%
1947-1950 William Lee Knous
25%
1943-1947 John Charles Livian
0%
No matching quizzes found
Score Distribution
Percent of People with Each Score
Percentile by Number Answered
Your Score History
You have not taken this quiz